Dictionary of Christianity and science : (Record no. 22366)
[ view plain ]
| 000 -LEADER | |
|---|---|
| fixed length control field | 00592cam a22002297i 4500 |
| 020 ## - INTERNATIONAL STANDARD BOOK NUMBER | |
| ISBN | 9780310496052 |
| 020 ## - INTERNATIONAL STANDARD BOOK NUMBER | |
| ISBN | 0310496055 |
| 082 04 - DEWEY DECIMAL CLASSIFICATION NUMBER | |
| Classification number | 261.5503 |
| Author Cutter | COP |
| 245 00 - TITLE STATEMENT | |
| Title | Dictionary of Christianity and science : |
| 260 ## - PUBLICATION, DISTRIBUTION, ETC. (IMPRINT) | |
| Place of publication | United States of America |
| Name of publisher | Harper Collins |
| 300 ## - PHYSICAL DESCRIPTION | |
| Number of Pages | 691 pages ; |
| 650 #0 - SUBJECT ADDED ENTRY--TOPICAL TERM | |
| Topical Term | Religion and science |
| 650 #0 - SUBJECT ADDED ENTRY--TOPICAL TERM | |
| Topical Term | Theology |
| 650 #7 - SUBJECT ADDED ENTRY--TOPICAL TERM | |
| Topical Term | Religion and science. |
| 650 #7 - SUBJECT ADDED ENTRY--TOPICAL TERM | |
| Topical Term | Theology. |
| 942 ## - ADDED ENTRY ELEMENTS (KOHA) | |
| Koha item type | Books |
| 700 1# - | |
| -- | Copan, Paul, |
| 700 1# - | |
| -- | Longman, Tremper, |
| 700 1# - | |
| -- | Reese, Christopher L., |
| 700 1# - | |
| -- | Strauss, Michael G., |
| Home library | Current library | Shelving location | Date acquired | Full call number | Accession Number | Koha item type |
|---|---|---|---|---|---|---|
| Henry Martyn Institute Library | Henry Martyn Institute Library | General stacks | 10/24/2018 | 261.5503 COP | 11-3743 | Books |
